Szczegóły MARC21

Podejmowanie decyzji w Unii Europejskiej /

003 -Nazwa inst., której nr kontr. jest w polu 001 [,]
    • @
    • Nazwa instytucji, której n kontrolny jest w polu 001
    • NUKAT
005 -DATA I CZAS OSTATNIEJ MODYFIKACJI [,]
    • @
    • pole kontrolne
    • 20241231090221.0
020 -Międzynarod. znormalizowany nr książki - ISBN [ , ]
    • a
    • Numer ISBN
    • 838849578X Find
040 -Instytucja sporządzająca opis [ , ]
    • a
    • Instytucja, która sporządziła opis (NP)
    • KR 93/ZP
    • c
    • Instytucja, która sporządziła rekord (NP)
    • KR 93/ZP
    • d
    • Instytucja, która zmodyfikowała rekord (P)
    • KR 93/MM
    • d
    • Instytucja, która zmodyfikowała rekord (P)
    • KR 93/MSs
    • d
    • Instytucja, która zmodyfikowała rekord (P)
    • GD PAN/JMS
942 -Rodzaj dokumentu [ , ]
    • c
    • Rodzaj dokumentu
    • Książka
100 -Hasło główne - nazwa osobowa [1, ]
    • a
    • Nazwa osobowa (NP)
    • Michałowska-Gorywoda, Krystyna
    • d
    • Daty biograficzne (NP)
    • (1942- ).
    • 9
    • KHW
    • 9767
245 -Strefa tytułu i oznaczenia odpowiedzialności [1,0]
    • a
    • Tytuł
    • Podejmowanie decyzji w Unii Europejskiej / Find
    • c
    • Pozostałe elementy strefy tytułu i oznaczenia odpowiedzialności (NP)
    • Krystyna Michałowska-Gorywoda.
260 -Strefa adresu wydawniczego [ , ]
    • a
    • Miejsce wydania (P)
    • Warszawa :
    • b
    • Nazwa wydawcy (P)
    • Wydaw. Naukowe "Scholar",
    • c
    • Data wydania (P)
    • 2002.
300 -Strefa opisu fizycznego [ , ]
    • a
    • Określenie formy książki i/lub objętość (NP)
    • 356 s. ;
    • c
    • Format (NP)
    • 25 cm.
336 -Typ zawartości [ , ]
    • a
    • Termin opisujący typ zawartości
    • Tekst
    • b
    • Kod określający zawartość
    • txt
    • 2
    • Źródło (terminu i kodu)
    • rdacontent
337 -Typ mediów [ , ]
    • a
    • Tryb odtwarzania
    • Bez urządzenia pośredniczącego
    • b
    • Kod typu mediów
    • n
    • 2
    • Źródło (terminu i kodu)
    • rdamedia
338 -Typ/rodzaj nośnika [ , ]
    • a
    • Hasło opisujące typ nośnika
    • Wolumin
    • b
    • Kod typu nośnika
    • nc
    • 2
    • Źródło (terminu i kodu)
    • rdacarrier
504 -Uwaga dot. bibliogr. załącznikowej [ , ]
    • a
    • Uwaga dot. bibliografii załącznikowej
    • Bibliogr. s. 351-356.
521 -Uwaga dot. przeznaczenia czytelniczego [8, ]
    • a
    • Uwaga dot. przeznaczenia czytelniczego
    • Dla studentów, nauczycieli, pracowników administracji państwowej i samorządowej.
546 -Uwaga dot. języka [ , ]
    • a
    • Uwaga dot. języka
    • Spis treści także ang.
080 -Uniwersalna Klasyfikacja Dziesiętna [ , ]
    • 2
    • Identyfikator wydania tablic
    • UDC-P058
    • 9
    • UKD
    • 9653
    • a
    • Symbol klasyfikacji
    • 061.1(4-67):339.923:327.39
    • b
    • Dopowiedzenie
    • Unia Europejska.
080 -Uniwersalna Klasyfikacja Dziesiętna [ , ]
    • 2
    • Identyfikator wydania tablic
    • UDC-P058
    • 9
    • UKD
    • 3363
    • a
    • Symbol klasyfikacji
    • 341.12(4-67)
    • b
    • Dopowiedzenie
    • Prawo Unii Europejskiej.
610 -Hasło przedmiotowe w formie nazwy ciała zbiorowego [2,7]
    • a
    • Nazwa ciała zbiorowego lub nazwa geograficzna
    • Unia Europejska
    • x
    • Określnik ogólny
    • podejmowanie decyzji.
    • 2
    • Źródło terminu
    • kaba
    • 9
    • KHW
    • 386018
980 -Symbol UKD [ , ]
    • a
    • UKD
    • 061.1(4-67):339.923:327.39:341.12(4-67)
710 -Hasło dodatkowe - nazwa ciała zbiorowego [2, ]
    • a
    • Nazwa ciała zbiorowego lub nazwa geograficzna jako pierwszy element (NP)
    • Wydawnictwo Naukowe Scholar.
    • 4
    • Kod relacji
    • pbl
    • 9
    • KHW
    • 52854
920 -ISBN [ , ]
    • a
    • ISBN
    • 83-88495-78-X Find
Status udost. Numer inwentarzowy Sygnatura Data inwentaryzacji Lokalizacja
1CDE.735 2002-05-20BG
-2GW.1797061.1(4-67)2015-09-14GW
-2T.9919 2008-03-17T